<?xml version="1.0" encoding="UTF-8"?>
<record
    xmlns:xsi="http://www.w3.org/2001/XMLSchema-instance"
    xsi:schemaLocation="http://www.loc.gov/MARC21/slim http://www.loc.gov/standards/marcxml/schema/MARC21slim.xsd"
    xmlns="http://www.loc.gov/MARC21/slim">

  <leader>02477cam a2200289 a 4500</leader>
  <controlfield tag="001">17087467</controlfield>
  <controlfield tag="003">OSt</controlfield>
  <controlfield tag="005">20211125112215.0</controlfield>
  <controlfield tag="008">111216s2012    njua     b    001 0 eng  </controlfield>
  <datafield tag="010" ind1=" " ind2=" ">
    <subfield code="a">  2011050886</subfield>
  </datafield>
  <datafield tag="020" ind1=" " ind2=" ">
    <subfield code="a">9781118072592 (paper/website)</subfield>
  </datafield>
  <datafield tag="040" ind1=" " ind2=" ">
    <subfield code="a">DLC</subfield>
    <subfield code="c">LC</subfield>
    <subfield code="d">DLC</subfield>
  </datafield>
  <datafield tag="042" ind1=" " ind2=" ">
    <subfield code="a">pcc</subfield>
  </datafield>
  <datafield tag="050" ind1="0" ind2="0">
    <subfield code="a">K837.F55</subfield>
  </datafield>
  <datafield tag="082" ind1="0" ind2="0">
    <subfield code="a">347/.077</subfield>
    <subfield code="2">23</subfield>
  </datafield>
  <datafield tag="100" ind1=" " ind2=" ">
    <subfield code="q">Filler, Mark G.</subfield>
  </datafield>
  <datafield tag="245" ind1="1" ind2="2">
    <subfield code="a">A quantitative approach to commercial damages: applying statistics to the measurement of lost profits. /</subfield>
    <subfield code="c">Mark Filler, James A. DiGabriele.</subfield>
  </datafield>
  <datafield tag="260" ind1=" " ind2=" ">
    <subfield code="a">Hoboken, New Jersey:</subfield>
    <subfield code="b">Wiley,</subfield>
    <subfield code="c">2012.</subfield>
  </datafield>
  <datafield tag="300" ind1=" " ind2=" ">
    <subfield code="a">xxi, 323 p. :</subfield>
    <subfield code="b">ill. ;</subfield>
    <subfield code="c">26 cm.</subfield>
  </datafield>
  <datafield tag="504" ind1=" " ind2=" ">
    <subfield code="a">Includes bibliographical references (p. 301-302) and index.</subfield>
  </datafield>
  <datafield tag="505" ind1=" " ind2=" ">
    <subfield code="a">Contents: Introduction: The application of statistics to the measurement of damages for lost profits -- Case study 1 - uses of standard deviation -- Case study 2 - Trends and seasonality analysis -- Case study 3 - an introduction to regression analysis and its application to the measurement of economic damages -- Case study 4 - choosing a sales forecasting model: a trial and error process -- Case study 5 - Time series analysis with seasonal -- Case study 6 - cross-sectional regression combined with seasonal indexes to determine lost profits -- Case study 7 - measuring differences in pre- and postincident sale using two sample t- Test versus regression models -- Case study 8 - interrupted time series analysis, holdback forecasting, and variable transformation -- Case study 9 - an exercise in cost estimation to determine saved expenses -- Case study 10 - saved expenses, bivariate model inadequacy, and multiple regression models -- Case study 11 - analysis of and modification to opposing experts' reports -- Case study 12 - further considerations in the determination of lost profits -- Case study 13 - a simple approach to forecasting sales month length adjustment -- Case study 14  - data analysis tools for forecasting sales -- Case study 15 - determination lost sales with stationary -- Case study 16 - determination lost sales using nonregression trend models --     </subfield>
  </datafield>
  <datafield tag="650" ind1=" " ind2="0">
    <subfield code="a">Lost profits damages</subfield>
    <subfield code="x">Valuation</subfield>
    <subfield code="x">Statistical methods.</subfield>
  </datafield>
  <datafield tag="700" ind1="1" ind2=" ">
    <subfield code="a">DiGabriele, James A.,</subfield>
  </datafield>
  <datafield tag="906" ind1=" " ind2=" ">
    <subfield code="a">7</subfield>
    <subfield code="b">cbc</subfield>
    <subfield code="c">orignew</subfield>
    <subfield code="d">1</subfield>
    <subfield code="e">ecip</subfield>
    <subfield code="f">20</subfield>
    <subfield code="g">y-gencatlg</subfield>
  </datafield>
  <datafield tag="942" ind1=" " ind2=" ">
    <subfield code="2">lcc</subfield>
    <subfield code="c">BK</subfield>
  </datafield>
  <datafield tag="999" ind1=" " ind2=" ">
    <subfield code="c">8112</subfield>
    <subfield code="d">15612</subfield>
  </datafield>
  <datafield tag="952" ind1=" " ind2=" ">
    <subfield code="0">0</subfield>
    <subfield code="1">0</subfield>
    <subfield code="2">lcc</subfield>
    <subfield code="4">0</subfield>
    <subfield code="7">0</subfield>
    <subfield code="a">WIUC-KL</subfield>
    <subfield code="b">WIUC-KL</subfield>
    <subfield code="c">GEN</subfield>
    <subfield code="d">2019-11-06</subfield>
    <subfield code="l">0</subfield>
    <subfield code="o">K837.F55</subfield>
    <subfield code="p">K/1385/1385/19</subfield>
    <subfield code="r">2021-11-25 00:00:00</subfield>
    <subfield code="w">2021-11-25</subfield>
    <subfield code="y">BK</subfield>
  </datafield>
</record>
